00294nam a22001217a 4500020001500000040000900015082001800024100001400042245003200056250001600088260003600104650003200140 a0070494576 cNust a621.4023bGAN aV Ganesan aInternal Combustion Engines a2nd Edition aNew Delhi:bMcGraw-Hill,c2004. aInternal Combustion Engines